| 000 | 02390cam a22002294a 4500 | ||
|---|---|---|---|
| 005 | 20250605164331.0 | ||
| 008 | 250528s ||||||||||||||||||||||||d | ||
| 035 | _a23232 | ||
| 020 | _a9789604429707 | ||
| 040 |
_aGR-AtMCL _bgre _dGR-AtMCL _eAACR2 |
||
| 245 | 1 | _aΕκπαίδευση και Κώφωση | |
| 250 | _a4η | ||
| 260 |
_bΕλληνικά Γράμματα, _c2009 |
||
| 300 | _a608 | ||
| 520 | _aΤο βιβλίο αυτό προσεγγίζει με πολύπλευρο και ολοκληρωμένο τρόπο όλους τους τομείς που αφορούν την εκπαίδευση των ατόμων με κώφωση. Πρόλογος, Επισκόπηση: Η Εκπαίδευση των Κωφών, Ιστορική Θεώρηση: Από τα Προϊστορικά Χρόνια στον 20ο Αιώνα, Ιστορική Θεώρηση: Οι Ηνωμένες Πολιτείες από τον 18ο Αιώνα έως τον Β' Παγκόσμιο Πόλεμο, Κώφωση: Αιτία και Πρόληψη και Αντιμετώπιση, Άτομα με Κώφωση και Επιπρόσθετες Αναπηρίες, Οικογένειες με Κωφά Μέλη: Οι Διαπροσωπικές Σχέσεις από την Διάγνωση έως την Ενηλικίωση, Κώφωση και Γνωστική Λειτουργία, Κώφωση και Κοινωνικοσυναισθηματική Προσαρμογή, Αμερικανική Νοηματική Γλώσσα και Χειρομορφική Επικοινωνία, Πρώιμη Παρέμβαση και Νηπιακά Προγράμματα, Η Κατάκτηση της Αγγλικής Γλώσσας: Τεχνικές Διδασκαλίας, Εγγραμματισμός: Η Ανάπτυξη της Ανάγνωσης και της Γραφής, Πρωτοβάθμια και Δευτεροβάθμια Εκπαίδευση, Τριτοβάθμια Εκπαίδευση και Οικονομική Θέση των Κωφών Ατόμων, Επίλογος, Παράρτημα: Ιστοσελίδες Υποστήριξης, Βιβλιογραφία. | ||
| 700 | 1 |
_aMoores Donald F _98815 |
|
| 700 | 1 | _aΖώνιου-Σιδέρη Αθηνά | |
| 700 | 1 |
_aΝτεροπούλου-Ντέρου Ευδοξία _93942 |
|
| 942 | _cBK | ||
| 999 |
_c8261 _d8261 |
||